<?xml version="1.0" encoding="UTF-8"?>
<record
    xmlns:xsi="http://www.w3.org/2001/XMLSchema-instance"
    xsi:schemaLocation="http://www.loc.gov/MARC21/slim http://www.loc.gov/standards/marcxml/schema/MARC21slim.xsd"
    xmlns="http://www.loc.gov/MARC21/slim">

  <leader>01213nam a2200313 i 4500</leader>
  <controlfield tag="001">179703</controlfield>
  <controlfield tag="003">ES-MaACL</controlfield>
  <controlfield tag="005">20250905102000.0</controlfield>
  <controlfield tag="008">120111s2010    sp aeo       |||| | spa d</controlfield>
  <datafield tag="020" ind1=" " ind2=" ">
    <subfield code="a">978-84-938142-6-7</subfield>
  </datafield>
  <datafield tag="080" ind1=" " ind2=" ">
    <subfield code="a">027(410.111 L.)</subfield>
  </datafield>
  <datafield tag="100" ind1="1" ind2=" ">
    <subfield code="a">Settis, Salvatore.</subfield>
    <subfield code="9">149001</subfield>
  </datafield>
  <datafield tag="245" ind1="1" ind2="0">
    <subfield code="a">Warburg "continuatus" </subfield>
    <subfield code="b">: descripci&#xF3;n de una biblioteca / </subfield>
    <subfield code="c">Salvatore Settis ; testimonios de Fritz Saxl y Eric M. Warburg ; introducci&#xF3;n de Fernando Checa.</subfield>
  </datafield>
  <datafield tag="250" ind1=" " ind2=" ">
    <subfield code="a">1&#xAA; ed.</subfield>
  </datafield>
  <datafield tag="260" ind1=" " ind2=" ">
    <subfield code="a">Barcelona : </subfield>
    <subfield code="b">Ediciones de La Central ; </subfield>
    <subfield code="a">Madrid : </subfield>
    <subfield code="b">Museo Nacional Centro de Arte Reina Sof&#xED;a, </subfield>
    <subfield code="c">2010.</subfield>
  </datafield>
  <datafield tag="300" ind1=" " ind2=" ">
    <subfield code="a">121 p. : </subfield>
    <subfield code="b">il., fot., planos ; </subfield>
    <subfield code="c">24 cm.</subfield>
  </datafield>
  <datafield tag="490" ind1="1" ind2=" ">
    <subfield code="a">Coup de d&#xE9;s</subfield>
  </datafield>
  <datafield tag="504" ind1=" " ind2=" ">
    <subfield code="a">Referencias bibliogr&#xE1;ficas.</subfield>
  </datafield>
  <datafield tag="610" ind1="2" ind2="7">
    <subfield code="a">Warburg Institute. </subfield>
    <subfield code="b">Library.</subfield>
    <subfield code="9">147269</subfield>
  </datafield>
  <datafield tag="650" ind1="0" ind2="4">
    <subfield code="a">Bibliotecas.</subfield>
    <subfield code="9">188814</subfield>
  </datafield>
  <datafield tag="700" ind1="1" ind2=" ">
    <subfield code="a">Saxl, Fritz.</subfield>
    <subfield code="9">104096</subfield>
  </datafield>
  <datafield tag="700" ind1="1" ind2=" ">
    <subfield code="a">Warburg, Eric M.</subfield>
    <subfield code="9">149002</subfield>
  </datafield>
  <datafield tag="700" ind1="0" ind2=" ">
    <subfield code="a">Checa Cremades, Fernando, </subfield>
    <subfield code="d">1952- </subfield>
    <subfield code="9">38301</subfield>
  </datafield>
  <datafield tag="710" ind1="2" ind2=" ">
    <subfield code="a">Museo Nacional Centro de Arte Reina Sof&#xED;a</subfield>
    <subfield code="9">147737</subfield>
  </datafield>
  <datafield tag="830" ind1="0" ind2=" ">
    <subfield code="a">Coup de d&#xE9;s</subfield>
    <subfield code="9">224520</subfield>
  </datafield>
  <datafield tag="852" ind1=" " ind2=" ">
    <subfield code="a">ES-MaACL</subfield>
    <subfield code="j">A-11865</subfield>
    <subfield code="9">186602</subfield>
    <subfield code="b">R.146726</subfield>
    <subfield code="c">DEPO1</subfield>
    <subfield code="d">Olim: N-4870</subfield>
  </datafield>
  <datafield tag="942" ind1=" " ind2=" ">
    <subfield code="2">udc</subfield>
    <subfield code="c">MONOGRAFIA</subfield>
  </datafield>
  <datafield tag="999" ind1=" " ind2=" ">
    <subfield code="c">179703</subfield>
    <subfield code="d">179703</subfield>
  </datafield>
  <datafield tag="952" ind1=" " ind2=" ">
    <subfield code="0">0</subfield>
    <subfield code="1">0</subfield>
    <subfield code="2">udc</subfield>
    <subfield code="4">0</subfield>
    <subfield code="7">0</subfield>
    <subfield code="8">Biblioteca_profesional </subfield>
    <subfield code="a">ATENEOM</subfield>
    <subfield code="b">ATENEOM</subfield>
    <subfield code="c">DEPO1</subfield>
    <subfield code="d">2012-01-11</subfield>
    <subfield code="e">COMPRA</subfield>
    <subfield code="l">0</subfield>
    <subfield code="o">A-11865</subfield>
    <subfield code="p">1188784</subfield>
    <subfield code="r">2023-02-23 00:00:00</subfield>
    <subfield code="w">2023-02-23</subfield>
    <subfield code="y">MONOGRAFIA</subfield>
  </datafield>
</record>
